Farmers' experiments : (Record no. 19225)

000 -LEADER
fixed length control field 00493cam a2200181 a 4500
020 ## - INTERNATIONAL STANDARD BOOK NUMBER
ISBN 1555876749
040 ## - CATALOGING SOURCE
Transcribing agency DLC
082 ## - DEWEY DECIMAL CLASSIFICATION NUMBER
Classification number 338 LYN 1997 C165 CO.
100 1# - MAIN ENTRY--AUTHOR NAME
Personal name Sumberg, J. E
245 10 - TITLE STATEMENT
Title Farmers' experiments :
Remainder of title creating local knowledge /
260 ## - PUBLICATION, DISTRIBUTION, ETC. (IMPRINT)
Place of publication Boulder, Colo. :
Name of publisher Lynne Rienner Publishers,
Year of publication 1997
300 ## - PHYSICAL DESCRIPTION
Number of Pages xii, 186 p. :
Other physical details ill. ;
Dimensions 24 cm
650 #0 - SUBJECT ADDED ENTRY--TOPICAL TERM
Topical Term Agriculture
650 #0 - SUBJECT ADDED ENTRY--TOPICAL TERM
Topical Term Farms, Small
650 #0 - SUBJECT ADDED ENTRY--TOPICAL TERM
Topical Term Agricultural extension work
700 1# - ADDED ENTRY--PERSONAL NAME
Personal name Okali, C
942 ## - ADDED ENTRY ELEMENTS (KOHA)
Koha item type សៀវភៅភាសាអង់គ្លេស
952 ## - LOCATION AND ITEM INFORMATION (KOHA)
Withdrawn status [LOCAL, KOHA] 0
Holdings
Permanent Location Date acquired Koha item type Lost status Shelving location Barcode Current Location Full call number
Library Block C2020-05-19សៀវភៅភាសាអង់គ្លេស C165A37128Library Block C338 LYN 1997 C165 CO.
មជ្ឈមណ្ឌលឯការនៃសាកលវិទ្យាល័យភូមិន្ទកសិកម្មចំការដូង

Powered by Koha